Перспективы подготовки магистров по направлению "Безопасность в нефтегазовом комплексе"; Ч.1

Detalhes bibliográficos
Parent link:Ч.1.— 2014.— с. 166-168
Autor principal: Блиновская Я. Ю.
Idioma:russo
Publicado em: 2014
Formato: Capítulo de Livro
KOHA link:https://koha.lib.tpu.ru/cgi-bin/koha/opac-detail.pl?biblionumber=267345

MARC

LEADER 00000naa2a2200000 4500
001 267345
005 20231031223735.0
035 |a (RuTPU)RU\TPU\book\290402 
035 |a RU\TPU\book\290394 
090 |a 267345 
100 |a 20140728d2014 k y0rusy50 ca 
101 0 |a rus 
102 |a RU 
200 1 |a Перспективы подготовки магистров по направлению "Безопасность в нефтегазовом комплексе"  |f Я. Ю. Блиновская 
463 0 |0 (RuTPU)RU\TPU\book\283101  |t Ч.1  |v с. 166-168  |d 2014  |p 282 с. 
700 1 |a Блиновская  |b Я. Ю. 
801 1 |a RU  |b 63413507  |c 20140728 
801 2 |a RU  |b 63413507  |c 20140728  |g RCR 
942 |c BK